000 00821nam a22003011 4500
001 10745
003 BD RJUL
005 20211208235017.0
008 250114s1958 caua b 000 0 eng
035 _aMITb10163351
035 _a BD RJUL
035 _aGLIS00163351
040 _aDLC
_cDLC
_d BD RJUL
_beng
041 _aeng
082 _a551.22
_bRIE 1958
090 _aQE534
_b.R535
099 _aQE534.R535
100 1 _aRichter, Charles,
_d1900-1985.
_933230
245 1 0 _aElementary seismology /
260 _aSan Francisco,
_bW. H. Freeman,
_c1958.
300 _a768 p.:
_billus.;
_c25 cm.
490 1 _aSeries of books in geology
504 _aBibliography: p. 719-735
650 0 _aSeismology.
_932555
830 0 _aSeries of books in geology.
_933231
942 _2ddc
_cBK
999 _c10745
_d10745